[Event "ROU-ch Men 2018"]
[Site "Olanesti"]
[Date "2018.05.17"]
[Round "4"]
[White "Rusan, Paul-Cristian"]
[Black "Iustin, Silviu"]
[Result "0-1"]
[WhiteElo "2213"]
[BlackElo "1962"]
[Annotator "NA"]
[PlyCount "120"]
[EventDate "2018.??.??"]
[EventType "swiss"]
[EventCountry "ROU"]
[SourceTitle "playchess.com"]
[Source "ChessBase"]
[SourceQuality "1"]
[TimeControl "40/5400+30:1800+30"]

1. e4 {[%emt 0:00:00]} e6 {[%emt 0:00:16]} 2. d3 {[%emt 0:00:00]} d5 {[%emt 0:00:18]} 3. Nd2 {[%emt 0:00:00]} c5 {[%emt 0:00:11]} 4. Ngf3 {[%emt 0:00:07]} Nc6 {[%emt 0:00:12]} 5. g3 {[%emt 0:00:17]} Nf6 {[%emt 0:00:33]} 6. Bg2 {[%emt 0:00:14]} Be7 {[%emt 0:00:11]} 7. O-O {[%emt 0:00:09]} O-O {[%emt 0:03:28]} 8. Re1 {[%emt 0:00:41]} Qc7 {[%emt 0:00:57]} 9. Qe2 {[%emt 0:02:11]} b5 {[%emt 0:03:09]} 10. e5 {[%emt 0:01:33]} Nd7 {[%emt 0:00:08]} 11. h4 {[%emt 0:00:29]} Bb7 {[%emt 0:00:19]} 12. c3 {[%emt 0:01:18] LiveBook: 8 Games} Rfc8 {[%emt 0:01:00] C00: French: Unusual White 2nd moves} 13. Nf1 {[%emt 0:02:04]} Qd8 $146 {[%emt 0:00:46]} ({Predecessor:} 13... a5 14. Bf4 h6 15. Qd2 Bf8 16. g4 d4 17. g5 hxg5 18. Nxg5 Be7 19. Ng3 Bxg5 20. hxg5 {1-0 (33) Strikovic,A (2506)-Romano,L (2052) Porto 2016}) 14. N1h2 {[%emt 0:04:28]} Qf8 {[%emt 0:00:43]} 15. Ng4 {[%emt 0:00:38]} c4 {[%emt 0:02:53]} 16. d4 {[%emt 0:00:30]} b4 {[%emt 0:00:24]} 17. h5 {[%emt 0:02:44]} h6 {[%emt 0:00:37]} 18. Bf4 {[%emt 0:02:08]} Rcb8 {[%emt 0:02:26]} 19. Qd2 {[%emt 0:03:30]} Kh7 {[%emt 0:03:08]} 20. Nfh2 {[%emt 0:08:58]} a5 {[%emt 0:06:26]} 21. Bf3 {[%emt 0:11:25]} a4 {[%emt 0:02:29]} 22. a3 {[%emt 0:06:18]} bxa3 {[%emt 0:00:59]} 23. bxa3 {[%emt 0:01:15]} Na5 {[%emt 0:01:34]} ({Black should play} 23... Na7 $15) 24. Ra2 $1 {[%emt 0:08:52]} Bc6 {[%emt 0:05:18]} 25. Bd1 {[%emt 0:00:45]} Ra7 {[%emt 0:07:48]} 26. Bc2+ {[%emt 0:02:56]} Kh8 {[%emt 0:00:21]} 27. Nf3 {[%emt 0:15:53]} Rab7 {[%emt 0:08:57]} ({Don't play} 27... Bxa3 $6 {[#]} 28. Nxh6 $1 {[%mdl 512]} gxh6 29. Bxh6 $11) 28. Nxh6 $1 {[%emt 0:03:44]} gxh6 $16 {[%emt 0:05:04]} (28... Rb2 $142 29. Rxb2 Rxb2) 29. Bxh6 {[%emt 0:00:09]} Qg8 {[%emt 0:00:30]} 30. Bg5 {[%emt 0:01:14]} Bxg5 {[%emt 0:10:03]} 31. Nxg5 {[%emt 0:00:41]} Qg7 {[%emt 0:03:09]} 32. h6 {[%emt 0:10:39]} Qg8 {[%emt 0:01:45]} 33. Qf4 {[%emt 0:00:41]} Rf8 {[%emt 0:08:23]} 34. Re3 {[%emt 0:06:58]} f6 {[%emt 0:06:09]} 35. exf6 {[%emt 0:01:11]} Rxf6 {[%emt 0:00:10]} 36. Qh4 {[%emt 0:00:54]} Nf8 {[%emt 0:01:56]} 37. Nxe6 {[%emt 0:01:52]} Rxe6 {[%emt 0:01:30]} 38. Rxe6 {[%emt 0:00:20]} Qxe6 {[%emt 0:00:11]} 39. Qd8 {[%emt 0:00:10]} Rf7 {[%emt 0:07:33]} 40. Kg2 {[%emt 0:00:00]} Qf6 {[%emt 0:00:52]} 41. Qxf6+ {[%emt 0:04:32]} Rxf6 {[%emt 0:00:07]} 42. Bd1 {[%emt 0:00:28]} Rxh6 {[%emt 0:00:24]} 43. Bg4 {[%emt 0:00:21]} Kg7 {[%emt 0:00:41]} 44. Re2 {[%emt 0:00:07]} Kf7 {[%emt 0:00:08]} 45. Re5 {[%emt 0:00:28]} Nb3 {[%emt 0:01:50]} 46. Bh5+ {[%emt 0:01:05]} Kg8 {[%emt 0:01:37]} 47. Rg5+ {[%emt 0:00:50]} Kh8 {[%emt 0:01:16]} 48. Bf7 {[%emt 0:00:05]} Rf6 {[%emt 0:05:35]} 49. Bxd5 {[%emt 0:02:01]} Bxd5+ {[%emt 0:01:06]} 50. Rxd5 {[%emt 0:00:03]} Kg7 {[%emt 0:00:32]} 51. f4 {[%emt 0:00:30]} Ra6 {[%emt 0:00:57]} 52. g4 {[%emt 0:00:37]} Nd2 {[%emt 0:00:17]} 53. Rc5 {[%emt 0:00:50]} Nb1 {[%emt 0:00:17]} 54. Rxc4 {[%emt 0:00:28]} Nxa3 {[%emt 0:00:06]} 55. Rc7+ {[%emt 0:00:14]} Kg8 {[%emt 0:00:06]} 56. Rb7 {[%emt 0:04:37]} Nc4 {[%emt 0:00:23]} 57. Rb1 {[%emt 0:00:25]} a3 {[%emt 0:00:09]} 58. Ra1 {[%emt 0:00:30]} a2 {[%emt 0:00:07]} 59. f5 {[%emt 0:00:24]} Nd2 {[%emt 0:00:21]} 60. Kg3 {[%emt 0:00:22]} Nb3 {[%emt 0:00:13]} 0-1

[Event "ROU-ch Men 2018"]
[Site "Olanesti"]
[Date "2018.05.17"]
[Round "4"]
[White "Ciorgovean, Iustin"]
[Black "Stanciu, Alexandru-Ovidiu"]
[Result "0-1"]
[WhiteElo "2169"]
[BlackElo "2363"]
[Annotator "NA"]
[PlyCount "127"]
[EventDate "2018.??.??"]
[EventType "swiss"]
[EventCountry "ROU"]
[SourceTitle "playchess.com"]
[Source "ChessBase"]
[SourceQuality "1"]
[TimeControl "40/5400+30:1800+30"]

1. Nf3 {[%emt 0:00:00]} c5 {[%emt 0:06:19]} 2. c4 {[%emt 0:00:00]} Nf6 {[%emt 0:00:10]} 3. Nc3 {[%emt 0:00:00]} d5 {[%emt 0:02:58]} 4. cxd5 {[%emt 0:02:00]} Nxd5 {[%emt 0:00:18]} 5. e4 {[%emt 0:06:12]} Nb4 {[%emt 0:02:17]} 6. Bb5+ {[%emt 0:00:43]} N8c6 {[%emt 0:03:19]} 7. d4 {[%emt 0:03:04]} cxd4 {[%emt 0:00:39]} 8. a3 {[%emt 0:00:50]} dxc3 {[%emt 0:03:43]} 9. Qxd8+ $1 {[%emt 0:00:23]} Kxd8 {[%emt 0:00:04]} 10. axb4 {[%emt 0:00:17]} cxb2 {[%emt 0:16:49]} (10... Nxb4 11. Ra4) 11. Bxb2 {[%emt 0:00:05]} f6 {[%emt 0:00:04] LiveBook: 21 Games} 12. e5 {[%emt 0:08:55]} f5 {[%emt 0:06:47] [#]} 13. Nd4 {[%emt 0:27:10]} ({White should try} 13. Ng5 $1 $16 Rg8 14. Nxh7) 13... Nxe5 {[%emt 0:16:16] [#]} 14. Nxf5 $1 {[%emt 0:05:19]} Nc6 {[%emt 0:13:07]} 15. Nxg7 {[%emt 0:20:42]} ({White should try} 15. Nh6 $16 Be6 16. O-O) 15... Rg8 {[%emt 0:02:10]} 16. Bxc6 {[%emt 0:02:54]} bxc6 $11 {[%emt 0:00:56]} 17. Nh5 {[%emt 0:01:23]} Rxg2 {[%emt 0:14:18]} 18. Rd1+ {[%emt 0:04:50]} Ke8 {[%emt 0:00:08]} 19. Ng3 {[%emt 0:00:33]} Ba6 {[%emt 0:03:13]} 20. Bd4 {[%emt 0:08:28]} Bc4 {[%emt 0:02:25]} 21. Bc3 {[%emt 0:01:47]} a6 {[%emt 0:00:53]} 22. Nf5 {[%emt 0:03:15]} Rg5 {[%emt 0:01:11]} 23. Ne3 {[%emt 0:00:17]} Bb5 {[%emt 0:00:57]} 24. Kd2 {[%emt 0:00:38]} Rd8+ {[%emt 0:00:10]} 25. Kc1 {[%emt 0:00:05]} Rxd1+ {[%emt 0:00:53]} 26. Kxd1 {[%emt 0:01:02]} e6 {[%emt 0:00:33]} 27. h4 {[%emt 0:00:23]} Rg6 {[%emt 0:01:29]} 28. Kc2 {[%emt 0:00:43]} h5 {[%emt 0:00:19]} 29. Kb3 {[%emt 0:00:26]} Be7 {[%emt 0:00:23]} 30. Be5 {[%emt 0:00:30]} Kf7 {[%emt 0:01:01]} 31. Bg3 {[%emt 0:00:37]} c5 {[%emt 0:00:37]} 32. bxc5 {[%emt 0:00:14]} Bxc5 {[%emt 0:00:02]} 33. Nc4 {[%emt 0:00:28]} Kf6 {[%emt 0:00:35]} 34. Rc1 {[%emt 0:00:30]} Rg4 {[%emt 0:00:24]} 35. Rc2 {[%emt 0:01:58]} Re4 {[%emt 0:01:11]} 36. Rc1 {[%emt 0:00:45]} Be7 {[%emt 0:00:39]} 37. Rc2 {[%emt 0:00:32]} e5 {[%emt 0:01:00]} 38. f3 {[%emt 0:00:27]} Rxc4 {[%emt 0:00:05]} 39. Rxc4 {[%emt 0:00:07]} Bxc4+ {[%emt 0:00:03]} 40. Kxc4 {[%emt 0:00:00]} a5 {[%emt 0:00:40]} 41. Kb5 {[%emt 0:08:53]} Bb4 {[%emt 0:00:57]} 42. Ka4 {[%emt 0:00:39]} Kf5 {[%emt 0:03:20]} 43. Kb5 {[%emt 0:00:09]} Bc3 {[%emt 0:00:50]} 44. Kc4 {[%emt 0:00:20]} Bd2 {[%emt 0:00:27]} 45. Kb5 {[%emt 0:00:12]} Ke6 {[%emt 0:00:10]} 46. Bf2 {[%emt 0:00:49]} Kd5 {[%emt 0:01:59]} 47. Bb6 {[%emt 0:00:37]} Be1 {[%emt 0:00:26]} 48. Bd8 {[%emt 0:04:21]} Kd4 {[%emt 0:03:12]} 49. Bf6 {[%emt 0:00:25]} Ke3 {[%emt 0:00:04]} 50. Bxe5 {[%emt 0:00:05]} Kxf3 {[%emt 0:00:03]} 51. Bf6 {[%emt 0:00:35]} Kf4 {[%emt 0:00:17]} 52. Be7 {[%emt 0:00:23]} Kg3 {[%emt 0:00:18]} 53. Bf6 {[%emt 0:00:20]} Kh3 {[%emt 0:00:05]} 54. Bd8 {[%emt 0:00:18]} Kg4 {[%emt 0:00:05]} 55. Ka4 {[%emt 0:00:37]} Bxh4 {[%emt 0:00:05]} 56. Bxa5 {[%emt 0:00:03]} Bg3 {[%emt 0:00:06]} 57. Bd8 {[%emt 0:00:05]} Bf4 {[%emt 0:00:03]} 58. Kb3 {[%emt 0:00:30]} Bg5 {[%emt 0:00:04]} 59. Bc7 {[%emt 0:00:55]} h4 {[%emt 0:00:06]} 60. Kc2 {[%emt 0:00:13]} Bf4 {[%emt 0:00:13]} 61. Bb6 {[%emt 0:00:42]} h3 {[%emt 0:00:14]} 62. Bg1 {[%emt 0:00:16]} Kf3 {[%emt 0:00:03]} 63. Kd3 {[%emt 0:01:46]} Kg2 {[%emt 0:00:06]} 64. Kd4 0-1

[Event "ROU-ch Men 2018"]
[Site "Olanesti"]
[Date "2018.05.17"]
[Round "4"]
[White "Daianu, Cristian-Clement"]
[Black "Vasiesiu, Victor"]
[Result "1-0"]
[WhiteElo "2150"]
[BlackElo "2327"]
[Annotator "NA"]
[PlyCount "96"]
[EventDate "2018.??.??"]
[EventType "swiss"]
[EventCountry "ROU"]
[SourceTitle "playchess.com"]
[Source "ChessBase"]
[SourceQuality "1"]
[TimeControl "40/5400+30:1800+30"]

1. e4 {[%emt 0:06:18]} c5 {[%emt 0:00:05]} 2. Nf3 {[%emt 0:00:11]} e6 {[%emt 0:00:06]} 3. d4 {[%emt 0:00:05]} cxd4 {[%emt 0:00:06]} 4. Nxd4 {[%emt 0:00:03]} Nc6 {[%emt 0:00:07]} 5. Nc3 {[%emt 0:00:32]} Qc7 {[%emt 0:00:07]} 6. Be3 {[%emt 0:04:10]} a6 {[%emt 0:00:07]} 7. Be2 {[%emt 0:00:20]} Nf6 {[%emt 0:02:43]} 8. a3 {[%emt 0:03:51]} Be7 {[%emt 0:01:18]} 9. O-O {[%emt 0:03:13]} O-O 10. f4 {[%emt 0:07:07]} d6 {[%emt 0:00:15]} 11. Kh1 {[%emt 0:10:04]} Bd7 {[%emt 0:04:45]} 12. Qe1 {[%emt 0:02:14] LiveBook: 25 Games} Rfe8 {[%emt 0:33:19] B48: Sicilian: Taimanov: 5 Nc3 Qc7 6 Be3 a6 without Be2} (12... Rac8 13. Qg3 d5 14. e5 Nxd4 15. Bxd4 Ne4 16. Nxe4 dxe4 17. c3 b5 18. Qe3 Qb7 19. Bd1 g6 20. Bc2 {1-0 (53) Nestorovic,N (2447)-Miljkovic,M (2485) Palic 2014}) 13. Qg3 {[%emt 0:05:54]} Bf8 {[%emt 0:00:51]} 14. Bd3 {[%emt 0:15:47]} g6 {[%emt 0:03:48]} 15. f5 $146 {[%emt 0:07:12]} ({Predecessor:} 15. Rae1 Bg7 16. Nxc6 Bxc6 17. Qh4 b5 18. Bd4 e5 19. fxe5 dxe5 20. Be3 Nh5 {0-1 (63) Nilsson,N (2218)-Palo,D (2325) Copenhagen 2001}) 15... Bg7 {[%emt 0:01:43]} 16. fxg6 {[%emt 0:13:35]} fxg6 {[%emt 0:01:01]} 17. Nf3 {[%emt 0:00:11]} Rac8 {[%emt 0:15:48]} 18. Qh4 {[%emt 0:02:31]} Rf8 $14 {[%emt 0:03:09]} 19. Bh6 {[%emt 0:06:07]} Bxh6 {[%emt 0:11:45]} 20. Qxh6 {[%emt 0:00:07]} Ng4 {[%emt 0:00:10]} 21. Qh4 {[%emt 0:03:20]} Nce5 {[%emt 0:00:10]} 22. Nxe5 {[%emt 0:02:31]} Nxe5 {[%emt 0:00:04]} 23. Ne2 {[%emt 0:03:49]} Qd8 {[%emt 0:06:07]} 24. Rxf8+ {[%emt 0:02:00]} Qxf8 {[%emt 0:00:05]} 25. Ng3 {[%emt 0:00:37]} Qg7 {[%emt 0:04:23]} 26. Rf1 {[%emt 0:00:16]} Rf8 {[%emt 0:03:16]} 27. h3 {[%emt 0:00:32]} Rxf1+ {[%emt 0:02:04]} 28. Nxf1 {[%emt 0:00:11]} Qf8 {[%emt 0:00:47]} 29. Ne3 {[%emt 0:00:34]} Kg7 {[%emt 0:02:46]} 30. Ng4 {[%emt 0:00:47]} Nxg4 {[%emt 0:00:41]} 31. Qxg4 {[%emt 0:00:02]} Qf6 {[%emt 0:00:20]} 32. Qg3 {[%emt 0:00:05]} e5 {[%emt 0:01:01]} 33. Qe3 {[%emt 0:00:38]} h5 {[%emt 0:01:10]} 34. Kg1 {[%emt 0:00:44]} g5 {[%emt 0:01:18]} 35. Qb6 {[%emt 0:00:39]} Bc6 {[%emt 0:00:07]} 36. Qc7+ {[%emt 0:00:22]} Kh6 {[%emt 0:00:22]} 37. Qc8 {[%emt 0:00:53]} d5 {[%emt 0:01:39]} 38. exd5 {[%emt 0:00:09]} Bxd5 {[%emt 0:00:10]} 39. Qd7 {[%emt 0:00:30]} Bg8 {[%emt 0:01:46]} 40. Qxb7 {[%emt 0:00:00]} a5 {[%emt 0:00:08]} 41. Qa6 {[%emt 0:04:41]} Qxa6 {[%emt 0:00:08]} 42. Bxa6 {[%emt 0:00:02]} Kg6 {[%emt 0:01:47]} 43. b4 {[%emt 0:03:09]} axb4 {[%emt 0:00:05]} 44. axb4 {[%emt 0:00:03]} Kf6 {[%emt 0:00:06]} 45. Be2 {[%emt 0:00:27]} h4 {[%emt 0:00:07]} 46. c4 {[%emt 0:00:34]} e4 {[%emt 0:04:22]} 47. Kf2 {[%emt 0:00:26]} Ke5 {[%emt 0:00:06]} 48. Ke3 {[%emt 0:00:10]} Bf7 {[%emt 0:00:37] Kxe4+} 1-0

[Event "ROU-ch Men 2018"]
[Site "Olanesti"]
[Date "2018.05.17"]
[Round "4"]
[White "Pribeanu, Mihail-Dacian"]
[Black "Berechet, Stefan-Mario"]
[Result "1-0"]
[WhiteElo "2119"]
[BlackElo "1879"]
[Annotator "NA"]
[PlyCount "109"]
[EventDate "2018.??.??"]
[EventType "swiss"]
[EventCountry "ROU"]
[SourceTitle "playchess.com"]
[Source "ChessBase"]
[SourceQuality "1"]
[TimeControl "40/5400+30:1800+30"]

1. e4 {[%emt 0:04:54]} c5 {[%emt 0:01:00]} 2. Nc3 Nc6 {[%emt 0:00:10]} 3. f4 {[%emt 0:01:13]} g6 {[%emt 0:01:02]} 4. g3 Bg7 {[%emt 0:00:16]} 5. Bg2 {[%emt 0:00:47]} d6 {[%emt 0:00:24]} 6. d3 {[%emt 0:01:32]} e6 {[%emt 0:02:11]} 7. Nf3 {[%emt 0:00:17]} Nge7 {[%emt 0:00:14]} 8. O-O {[%emt 0:01:37]} O-O {[%emt 0:00:29]} 9. Be3 {[%emt 0:00:39]} Nd4 {[%emt 0:06:09]} 10. Rb1 Nec6 {[%emt 0:00:54]} 11. Ne2 {[%emt 0:01:08]} Nxe2+ {[%emt 0:00:53] B25: Closed Sicilian: 3 g3, lines without early Be3} (11... b6 12. c3 Nxe2+ 13. Qxe2 Ba6 14. b4 Bb7 15. Rfc1 cxb4 16. cxb4 Rc8 17. a4 Qd7 18. Qa2 Ne7 19. b5 Rxc1+ 20. Rxc1 {½-½ (66) Pallardo Lozoya,J (2360)-Pena Gomez,M (2412) Badajoz 2013}) 12. Qxe2 {[%emt 0:00:33]} Qe7 {[%emt 0:01:26]} 13. c3 {[%emt 0:03:42]} e5 {[%emt 0:00:55]} 14. f5 $146 {[%emt 0:04:58]} ({Predecessor:} 14. h3 Be6 15. a3 h6 16. g4 exf4 17. Bxf4 Rad8 18. Rbe1 Rfe8 19. Qf2 {½-½ (43) Garcia,A-Santacruz,F San Pedro de Jujuy 1981}) 14... gxf5 {[%emt 0:00:31]} 15. Qd2 a5 {[%emt 0:04:33]} 16. Bh6 {[%emt 0:01:35]} f6 {[%emt 0:00:34]} 17. Nh4 {[%emt 0:01:05]} fxe4 {[%emt 0:04:41]} 18. dxe4 {[%emt 0:00:25]} Be6 {[%emt 0:02:07]} 19. Bxg7 {[%emt 0:06:04]} Kxg7 {[%emt 0:00:13]} 20. Rf5 {[%emt 0:00:33]} Qf7 {[%emt 0:03:59]} 21. Rf2 Rad8 {[%emt 0:00:17]} 22. Rbf1 {[%emt 0:01:08]} Qh5 {[%emt 0:04:19]} 23. Bf3 {[%emt 0:12:22]} Qg5 {[%emt 0:01:02]} 24. Qc2 {[%emt 0:00:54]} Ne7 {[%emt 0:03:34]} 25. Qa4 b6 {[%emt 0:00:37]} 26. Qb5 {[%emt 0:01:14]} Rb8 {[%emt 0:01:15]} 27. Rd1 {[%emt 0:01:05]} Rfd8 {[%emt 0:00:51]} 28. Rfd2 Qe3+ {[%emt 0:06:12]} 29. Kg2 {[%emt 0:01:51]} Bd7 {[%emt 0:02:19]} ({But not} 29... Bxa2 $6 30. Rxd6 Rxd6 31. Rxd6 $18) 30. Qf1 {[%emt 0:05:35]} Nc8 {[%emt 0:03:14] [#]} 31. Re2 $2 {[%emt 0:00:26]} (31. Rxd6 $1 $16 Nxd6 32. Rxd6) 31... Qg5 {[%emt 0:00:31]} 32. Rf2 $11 {[%emt 0:01:24]} Rf8 {[%emt 0:02:12]} 33. Be2 {[%emt 0:04:12]} b5 {[%emt 0:07:15]} 34. Kg1 {[%emt 0:00:34]} Rb6 {[%emt 0:00:28]} 35. Bf3 {[%emt 0:00:34]} Ne7 {[%emt 0:01:02]} 36. Rfd2 {[%emt 0:02:22]} Qe3+ {[%emt 0:00:30]} 37. Kh1 {[%emt 0:01:26]} Nc8 {[%emt 0:00:34]} 38. Bg2 {[%emt 0:00:36]} Qg5 {[%emt 0:03:48]} 39. Bh3 {[%emt 0:00:00]} Bg4 {[%emt 0:12:50]} 40. Bxg4 {[%emt 0:00:00]} Qxg4 41. Nf5+ {[%emt 0:04:37]} Kh8 {[%emt 0:00:30]} 42. Qg2 {[%emt 0:00:51]} Rd8 {[%emt 0:00:51]} 43. h3 Qg8 {[%emt 0:00:39]} 44. Qf3 {[%emt 0:01:06]} Qe6 {[%emt 0:05:39]} 45. Qg4 {[%emt 0:09:06]} Rd7 {[%emt 0:05:32]} 46. h4 Qg8 {[%emt 0:02:40]} 47. Qf3 {[%emt 0:01:25]} Qxa2 {[%emt 0:04:35]} 48. b4 {[%emt 0:05:56]} Qc4 {[%emt 0:00:04]} 49. bxc5 {[%emt 0:01:56]} Qxc5 {[%emt 0:00:10]} 50. Qh5 {[%emt 0:02:56]} Rg7 {[%emt 0:05:36]} 51. Nxg7 {[%emt 0:00:27]} Kxg7 {[%emt 0:00:04]} 52. Qg4+ Kh8 {[%emt 0:00:40]} 53. Qe6 {[%emt 0:01:29]} Qxc3 {[%emt 0:01:57]} 54. Qxf6+ {[%emt 0:00:30]} Kg8 {[%emt 0:00:02]} 55. Rf2 1-0

[Event "ROU-ch Men 2018"]
[Site "Olanesti"]
[Date "2018.05.17"]
[Round "4"]
[White "Chima, Radu-Niculin"]
[Black "Pop, Alexandru"]
[Result "1/2-1/2"]
[WhiteElo "2095"]
[BlackElo "2302"]
[Annotator "NA"]
[PlyCount "146"]
[EventDate "2018.??.??"]
[EventType "swiss"]
[EventCountry "ROU"]
[SourceTitle "playchess.com"]
[Source "ChessBase"]
[SourceQuality "1"]
[TimeControl "40/5400+30:1800+30"]

1. e4 {[%emt 0:00:00]} e5 {[%emt 0:09:00]} 2. Nf3 {[%emt 0:00:00]} Nc6 {[%emt 0:00:03]} 3. Bc4 {[%emt 0:00:00]} Nf6 {[%emt 0:00:06]} 4. d3 {[%emt 0:00:01]} Be7 {[%emt 0:00:05]} 5. O-O {[%emt 0:00:13]} O-O {[%emt 0:00:06]} 6. Re1 {[%emt 0:00:18]} d6 {[%emt 0:00:17]} 7. a4 {[%emt 0:00:16]} Na5 {[%emt 0:00:10]} 8. Ba2 {[%emt 0:00:21] C55: Two Knights: 4 d3, 4 d4 exd4 5 e5 and Max Lange Attack} c5 {[%emt 0:00:07]} 9. Nbd2 {[%emt 0:02:02]} (9. c3 Nc6 10. Na3 a6 11. Nc2 h6 12. Ne3 Re8 13. h3 Bf8 14. Nd5 Rb8 15. Be3 Be6 {½-½ (43) Van Foreest,J (2629)-Harikrishna,P (2744) Riadh 2017}) 9... Nc6 {[%emt 0:02:29]} 10. Nc4 {[%emt 0:04:34]} Be6 {[%emt 0:02:10]} 11. h3 {[%emt 0:03:45]} a6 $146 {[%emt 0:07:23]} ({Predecessor:} 11... h6 12. c3 Re8 13. Bb1 Bf8 14. Ne3 g6 15. d4 exd4 16. cxd4 cxd4 17. Nxd4 Nxd4 18. Qxd4 {½-½ (80) Benderac,S (2373)-Blagojevic,D (2545) Cetinje 2009}) 12. Ng5 {[%emt 0:04:03]} b5 {[%emt 0:04:39]} 13. Nxe6 {[%emt 0:00:51]} fxe6 {[%emt 0:00:12]} 14. Ne3 {[%emt 0:01:33]} d5 {[%emt 0:01:17]} 15. Ng4 {[%emt 0:08:17]} Qd6 {[%emt 0:11:51]} 16. Bg5 {[%emt 0:13:58]} Rad8 {[%emt 0:15:27]} 17. axb5 {[%emt 0:00:32]} axb5 {[%emt 0:00:09]} 18. Bxf6 {[%emt 0:03:31]} Bxf6 {[%emt 0:00:50]} 19. Ne3 {[%emt 0:03:25]} Bg5 {[%emt 0:05:19]} 20. Qg4 {[%emt 0:06:13]} Bxe3 {[%emt 0:01:06]} 21. fxe3 {[%emt 0:01:08]} Ra8 {[%emt 0:05:40]} 22. c3 {[%emt 0:03:45]} Kh8 {[%emt 0:06:39]} 23. Bb3 {[%emt 0:01:25]} c4 {[%emt 0:00:48]} 24. Bc2 {[%emt 0:01:15]} d4 {[%emt 0:02:25]} 25. exd4 {[%emt 0:04:24]} (25. Rxa8 $1 $14 {keeps the upper hand.} Rxa8 26. exd4) 25... exd4 $2 {[%emt 0:00:16]} (25... Rxa1 $17 26. Rxa1 exd4) 26. e5 $15 {[%emt 0:03:46]} ({Better is} 26. Rxa8 $14 Rxa8 {[#]} 27. e5 $1 {[%mdl 512]}) 26... Qc5 {[%emt 0:13:03]} 27. Kh1 {[%emt 0:02:33]} Rxa1 {[%emt 0:01:18]} 28. Rxa1 {[%emt 0:00:11]} dxc3 {[%emt 0:03:55]} 29. bxc3 {[%emt 0:01:48]} cxd3 {[%emt 0:00:32]} 30. Bxd3 {[%emt 0:00:43]} Qxc3 {[%emt 0:00:39]} 31. Rd1 {[%emt 0:10:13]} Nxe5 {[%emt 0:00:45]} 32. Qe4 {[%emt 0:01:46]} Nxd3 {[%emt 0:00:17]} 33. Rxd3 {[%emt 0:01:03]} Qc4 {[%emt 0:03:38]} 34. Rf3 {[%emt 0:05:25]} Rc8 {[%emt 0:01:21]} 35. Qe5 {[%emt 0:02:41]} Qd5 {[%emt 0:01:25]} 36. Qc7 {[%emt 0:02:07]} Rd8 {[%emt 0:02:04]} 37. Rf7 {[%emt 0:01:47]} h6 {[%emt 0:00:43]} 38. Rxg7 {[%emt 0:02:21]} Qd1+ {[%emt 0:00:04]} 39. Kh2 {[%emt 0:00:11]} Qd6+ {[%emt 0:00:02]} 40. Qxd6 {[%emt 0:00:00]} Rxd6 {[%emt 0:00:03]} 41. Rb7 {[%emt 0:00:23]} Rd5 {[%emt 0:00:29]} 42. Rb6 {[%emt 0:02:13]} Re5 {[%emt 0:00:05]} 43. Rb7 {[%emt 0:00:43]} Kg8 {[%emt 0:00:18]} 44. Kg3 {[%emt 0:02:21]} h5 {[%emt 0:01:45]} 45. Kf4 {[%emt 0:01:18]} Rf5+ {[%emt 0:00:07]} 46. Ke4 {[%emt 0:00:17]} h4 {[%emt 0:00:38]} 47. Re7 {[%emt 0:00:41]} Rf2 {[%emt 0:02:47]} 48. Rb7 {[%emt 0:01:34]} Rb2 {[%emt 0:08:41]} 49. Ke5 {[%emt 0:03:33]} Rxg2 {[%emt 0:02:33]} 50. Kxe6 {[%emt 0:00:35]} Rb2 {[%emt 0:00:06]} 51. Kf6 {[%emt 0:00:52]} Rb4 {[%emt 0:04:17]} 52. Rb8+ {[%emt 0:00:38]} Kh7 {[%emt 0:00:06]} 53. Rb7+ {[%emt 0:00:45]} Kh6 {[%emt 0:00:04]} 54. Kf5 {[%emt 0:00:30]} Rb1 {[%emt 0:03:20]} 55. Kg4 {[%emt 0:00:45]} Kg6 {[%emt 0:00:54]} 56. Rb6+ {[%emt 0:00:20]} Kf7 {[%emt 0:00:04]} 57. Kxh4 {[%emt 0:00:21]} Ke7 {[%emt 0:00:06]} 58. Kg5 {[%emt 0:02:21]} Kd7 {[%emt 0:00:06]} 59. h4 {[%emt 0:00:17]} Kc7 {[%emt 0:00:24]} 60. Re6 {[%emt 0:00:16]} Rg1+ {[%emt 0:02:02]} 61. Kf6 {[%emt 0:00:43]} b4 {[%emt 0:00:47]} 62. Re3 {[%emt 0:00:52]} Rh1 {[%emt 0:01:46]} 63. Re4 {[%emt 0:00:35]} b3 {[%emt 0:00:17]} 64. Rc4+ {[%emt 0:00:16]} Kd6 {[%emt 0:00:11]} 65. Rb4 {[%emt 0:00:05]} Rb1 {[%emt 0:00:59]} 66. h5 {[%emt 0:01:31]} b2 {[%emt 0:00:16]} 67. h6 {[%emt 0:00:15]} Rf1+ {[%emt 0:00:11]} 68. Kg7 {[%emt 0:00:05]} Rg1+ {[%emt 0:03:20]} 69. Kf7 {[%emt 0:00:10]} b1=Q {[%emt 0:00:10]} 70. Rxb1 {[%emt 0:00:10]} Rxb1 {[%emt 0:00:03]} 71. h7 {[%emt 0:00:06]} Rh1 {[%emt 0:00:08]} 72. Kg8 {[%emt 0:00:25]} Rxh7 {[%emt 0:00:19]} 73. Kxh7 {[%emt 0:00:07]} Ke5 1/2-1/2